| 000 | 00438nam a2200181Ia 4500 | ||
|---|---|---|---|
| 001 | 3312 | ||
| 005 | 20260306145634.0 | ||
| 008 | 260306t1996||||xx |||||||||||||| ||spa|| | ||
| 041 | _aESP | ||
| 082 |
_a269 _bV66 |
||
| 100 |
_aVilla Cerri, José _eAUT |
||
| 245 | 0 | _aUna vida al servicio de los enfermos San Camilo | |
| 260 | _c1996 | ||
| 300 |
_a155 páginas : _c21 cm. |
||
| 650 | _aGEN | ||
| 654 | _aCHU | ||
| 942 |
_cLIB _dJUS _fJUS _2ddc _n |
||
| 999 |
_c3312 _d3312 |
||